| 000 | 00897 a2200241 4500 | ||
|---|---|---|---|
| 003 | UA-OsUOA | ||
| 005 | 20230815154204.0 | ||
| 008 | 230815b un ||||| |||| 00| 0 ukr d | ||
| 020 | _a9789660370203 | ||
| 040 |
_aUA-OsUOA _bukr _cUA-OsUOA _dUA-OsUOA |
||
| 041 | _aukr | ||
| 080 | _a821.161.2(430) | ||
| 090 |
_a821.161.2(430) _bК34 |
||
| 100 | _aКеллер Г. | ||
| 245 |
_aМартін Заландер _bроман _cГотфрід Келлер ; пер. з нім.. П. В. Таращук |
||
| 260 |
_aХарків _bФоліо _c2014 |
||
| 300 | _a315 с. | ||
| 490 | _aМайстри | ||
| 650 |
_2UDC _a821 Художня література окремими мовами і мовними сім'ями |
||
| 942 |
_cBK _2udc |
||
| 955 | _a3 | ||
| 999 |
_c574890 _d574890 |
||